<?xml version="1.0" encoding="UTF-8"?><?xml-stylesheet type="text/xsl" href="static/style.xsl"?><OAI-PMH xmlns="http://www.openarchives.org/OAI/2.0/" xmlns:xsi="http://www.w3.org/2001/XMLSchema-instance" xsi:schemaLocation="http://www.openarchives.org/OAI/2.0/ http://www.openarchives.org/OAI/2.0/OAI-PMH.xsd"><responseDate>2026-04-17T15:24:51Z</responseDate><request verb="GetRecord" identifier="oai:www.recercat.cat:10256/17955" metadataPrefix="marc">https://recercat.cat/oai/request</request><GetRecord><record><header><identifier>oai:recercat.cat:10256/17955</identifier><datestamp>2024-06-18T12:37:33Z</datestamp><setSpec>com_2072_452955</setSpec><setSpec>com_2072_2054</setSpec><setSpec>col_2072_453068</setSpec></header><metadata><record xmlns="http://www.loc.gov/MARC21/slim" xmlns:dcterms="http://purl.org/dc/terms/" xmlns:xsi="http://www.w3.org/2001/XMLSchema-instance" xmlns:doc="http://www.lyncode.com/xoai" xsi:schemaLocation="http://www.loc.gov/MARC21/slim http://www.loc.gov/standards/marcxml/schema/MARC21slim.xsd">
   <leader>00925njm 22002777a 4500</leader>
   <datafield ind2=" " ind1=" " tag="042">
      <subfield code="a">dc</subfield>
   </datafield>
   <datafield ind2=" " ind1=" " tag="720">
      <subfield code="a">Juvinyà Canal, Dolors</subfield>
      <subfield code="e">author</subfield>
   </datafield>
   <datafield ind2=" " ind1=" " tag="720">
      <subfield code="a">Suñer Soler, Rosa</subfield>
      <subfield code="e">author</subfield>
   </datafield>
   <datafield ind2=" " ind1=" " tag="720">
      <subfield code="a">Boixadós Porquet, Adela</subfield>
      <subfield code="e">author</subfield>
   </datafield>
   <datafield ind2=" " ind1=" " tag="720">
      <subfield code="a">Vernay, Marion</subfield>
      <subfield code="e">author</subfield>
   </datafield>
   <datafield ind2=" " ind1=" " tag="720">
      <subfield code="a">Blanchard, Hervé</subfield>
      <subfield code="e">author</subfield>
   </datafield>
   <datafield ind2=" " ind1=" " tag="720">
      <subfield code="a">Bertran i Noguer, Carme</subfield>
      <subfield code="e">author</subfield>
   </datafield>
   <datafield ind2=" " ind1=" " tag="260">
      <subfield code="c">2020-03-27</subfield>
   </datafield>
   <datafield ind2=" " ind1=" " tag="520">
      <subfield code="a">Health literacy has been defined by the World Health Organization as the cognitive and social skills which determine the motivation and ability of individuals to gain access to, understand and use information in ways which promote and maintain good health. Its importance in reducing inequalities makes health literacy a thematic area that should be addressed in the training of professionals in the fields of healthcare, Social Work and Education. The objective of this study was to define the health literacy levels of students from the Universities of Girona and Barcelona (Spain) and the Regional Institute of Social Work in Perpignan (France). A cross-sectional study was conducted among students of Nursing, Social Work, Primary Education and Special Education in the 2017–2018 academic year. Sociodemographic and academic variables were considered and the HLS-EU-Q16 questionnaire was used to study health literacy levels. In total, 219 students with an average age of 24.9 participated. Of these, 64.4% were studying Social Work, 23.7% Nursing, 5.9% Primary Education, and 5.9% Special Education. Of the total sample, 36.5% were classified as sufficient in health literacy. The total average score of the health literacy index was 11.1; 13.2 among Nursing students; 10.5 among Social Work students; 10.1 among Primary Education students, and 10.1 among Special Education students (p &lt; 0.001). Nursing students obtained the best results and healthcare was the highest rated subdomain, more than disease prevention and health promotion</subfield>
   </datafield>
   <datafield ind2=" " ind1=" " tag="520">
      <subfield code="a">DG for Regional Policy. European Commission (Regio). EFA019/15 PROSPECTSASO Project</subfield>
   </datafield>
   <datafield ind1="8" ind2=" " tag="024">
      <subfield code="a">http://hdl.handle.net/10256/17955</subfield>
   </datafield>
   <datafield tag="653" ind2=" " ind1=" ">
      <subfield code="a">Educació sanitària</subfield>
   </datafield>
   <datafield tag="653" ind2=" " ind1=" ">
      <subfield code="a">Health education</subfield>
   </datafield>
   <datafield tag="653" ind2=" " ind1=" ">
      <subfield code="a">Promoció de la salut</subfield>
   </datafield>
   <datafield tag="653" ind2=" " ind1=" ">
      <subfield code="a">Health promotion</subfield>
   </datafield>
   <datafield ind2="0" ind1="0" tag="245">
      <subfield code="a">Health Literacy among Health and Social Care University Students</subfield>
   </datafield>
</record></metadata></record></GetRecord></OAI-PMH>